Phương pháp tổ chức quản lý lớp học : Môi trường giáo dục thân thiện /
Wedi'i Gadw mewn:
| Prif Awdur: | |
|---|---|
| Fformat: | Sách giấy |
| Iaith: | Vietnamese |
| Cyhoeddwyd: |
TP. HCM :
Đại học Sư phạm,
2010.
|
| Pynciau: | |
| Tagiau: |
Ychwanegu Tag
Dim Tagiau, Byddwch y cyntaf i dagio'r cofnod hwn!
|
| Thư viện lưu trữ: | Thư viện Trường Đại học Đà Lạt |
|---|
| LEADER | 00868nam a2200301 4500 | ||
|---|---|---|---|
| 001 | DLU110121176 | ||
| 005 | ##20110512 | ||
| 040 | # | # | |a DLU |b vie |
| 041 | # | # | |a vie |
| 044 | # | # | |a vn |
| 082 | # | # | |a 371.102 4 |b DA-M |
| 100 | # | # | |a Đặng Huỳnh Mai, |c TS. |
| 245 | # | # | |a Phương pháp tổ chức quản lý lớp học : |b Môi trường giáo dục thân thiện / |c Đặng Huỳnh Mai. |
| 260 | # | # | |a TP. HCM : |b Đại học Sư phạm, |c 2010. |
| 300 | # | # | |a 122 tr. ; |c 21 cm. |
| 505 | # | # | |a 1. Tổ chức quản lý là gì? -- 2. Tổ chức quản lý lớp học -- 3. Kết luận. |
| 653 | # | # | |a Quản lý lớp học |
| 923 | # | # | |a 05/2011 |
| 991 | # | # | |a GT |
| 992 | # | # | |a 19000 |
| 994 | # | # | |a DLU |
| 900 | # | # | |a True |
| 911 | # | # | |a Đào Thị Thu Huyền |
| 925 | # | # | |a G |
| 926 | # | # | |a A |
| 927 | # | # | |a SH |
| 980 | # | # | |a Thư viện Trường Đại học Đà Lạt |